| 000 | 00479nam a2200169Ia 4500 | ||
|---|---|---|---|
| 008 | 210719s2017 xx 000 0 und d | ||
| 041 | _aeng | ||
| 082 | _a519.5 KALB | ||
| 100 | _aKALKUR (Aruna T) | ||
| 245 | _aBusiness statistics and mathematics I | ||
| 260 |
_aMangaluru _bUniversal King Publishers _c2017 |
||
| 300 |
_a217 _bPB |
||
| 365 |
_b140 _cRs |
||
| 650 | _aBusiness Statistics | ||
| 650 | _aBusiness Statistics | ||
| 906 | _aBusiness ; I ; mathematics ; statistics | ||
| 999 |
_c215823 _d215823 |
||